Virtuelle Lebenswelten : Körper - Räume - Affekte.

Bibliographic Details
Main Author: Rieger, Stefan.
Other Authors: Schäfer, Armin., Tuschling, Anna.
Format: eBook
Language:German
Published: Berlin/Boston : Walter de Gruyter GmbH, 2020.
Edition:1st ed.
Subjects:
Online Access:Click to View
LEADER 02405nam a22003733i 4500
001 EBC6637528
003 MiAaPQ
005 20231204023216.0
006 m o d |
007 cr cnu||||||||
008 231204s2020 xx o ||||0 ger d
020 |a 9783110638127  |q (electronic bk.) 
035 |a (MiAaPQ)EBC6637528 
035 |a (Au-PeEL)EBL6637528 
035 |a (OCoLC)1229160791 
040 |a MiAaPQ  |b eng  |e rda  |e pn  |c MiAaPQ  |d MiAaPQ 
100 1 |a Rieger, Stefan. 
245 1 0 |a Virtuelle Lebenswelten :  |b Körper - Räume - Affekte. 
250 |a 1st ed. 
264 1 |a Berlin/Boston :  |b Walter de Gruyter GmbH,  |c 2020. 
264 4 |c {copy}2021. 
300 |a 1 online resource (234 pages) 
336 |a text  |b txt  |2 rdacontent 
337 |a computer  |b c  |2 rdamedia 
338 |a online resource  |b cr  |2 rdacarrier 
505 0 |a Intro -- Inhaltsverzeichnis -- Virtuelle Lebenswelten: Zur Einführung -- Körper -- Virtuelle Intelligenz: Eine begriffliche Übung -- Die Entgrenzung des Banalen: Zur virtuellen Beobachtung des Embodiment in der Robotik -- Adaptive Bildgebung: Situative Kopplungen von Bild, Körper und Handlung -- Virtuelle Textkonstitutionen: Die Philologie und ihre mittelalterlichen Objekte -- Virtualität der Literatur: Eine Sondierung -- Affekte -- Vom epistemischen Überschuss virtueller Welten: Online-Spiele zwischen Ritual, Labor und Sozialexperiment -- Faltungen von Analog und Digital: Affektivität und das Social-Media-Dilemma -- Räume -- Realitätsverschiebungen: Politische und verfassungsrechtliche Dimensionen von Augmented und Virtual Reality -- Virtualisierungen der Umwelt: Augmented Reality -- Irritierende Artefakte: Wie sich die handlungsbezogene Virtualität in Modellen zeigt -- Virtual Humanities -- Autorinnen und Autoren. 
588 |a Description based on publisher supplied metadata and other sources. 
590 |a Electronic reproduction. Ann Arbor, Michigan : ProQuest Ebook Central, 2023. Available via World Wide Web. Access may be limited to ProQuest Ebook Central affiliated libraries.  
655 4 |a Electronic books. 
700 1 |a Schäfer, Armin. 
700 1 |a Tuschling, Anna. 
776 0 8 |i Print version:  |a Rieger, Stefan  |t Virtuelle Lebenswelten  |d Berlin/Boston : Walter de Gruyter GmbH,c2020 
797 2 |a ProQuest (Firm) 
856 4 0 |u https://ebookcentral.proquest.com/lib/matrademy/detail.action?docID=6637528  |z Click to View